Les arrêts du tram 19 à Bruxelles - Statistiques

Statistiques générales
  • Ce quiz a été pris 8 fois
  • Le résultat moyen est 11 sur 12
Statistiques - réponses
commune arrêt % Correct
Jette Cimetière de Jette
100%
Laeken (Bruxelles-ville) De Wand
100%
Jette Gare de Jette
100%
Jette Guillaume de Greef
100%
Jette Lenoir
100%
Jette Miroir
100%
Koelberg Simonis
100%
Jette Broustin
80%
Laeken (Bruxelles-ville) Ernest Salu
80%
Laeken (Bruxelles-ville) Stuyvenbergh
80%
Jette Place Reine Astrid
60%
Laeken (Bruxelles-ville) Saint-Lambert
60%
Aucun quiz correspondant
Distribution des résultats
% des personnes avec chaque résultat
Percentile par nombre de réponses
Votre historique - résultats
Vous n’avez pas pris ce quiz